000 00608nam a2200229Ia 4500
003 OSt
005 20230418092041.0
008 210423s2007 xx 000 0 und d
020 _a9780846310607
040 _cAL
041 _aeng
082 _a306.484
_223
_b WILK
100 _aWILLIAMS (Keith)
_989626
245 _aH G Wells modernity and the movies
260 _aLondon
_bLiverpool University Press
_c2007
300 _a279
_bPB
365 _b1427
_cINR
650 _aPolitical Sociology
_989627
650 _aSociology
_989628
906 _aG ; H ; modernity ; movies ; Wells
942 _2ddc
_cBK
999 _c160598
_d160598